| 000 | 00740nam a22001937a 4500 | ||
|---|---|---|---|
| 003 | CEME | ||
| 005 | 20210628210017.0 | ||
| 008 | 210210b xxu||||| |||| 00| 0 eng d | ||
| 020 | _a81-203-1220-1 | ||
| 040 | _c. | ||
| 082 | _a004.1 BRE | ||
| 100 |
_aBrey, Barry.B _954310 |
||
| 245 | _aThe intel microprocessors,8086 - 8088,80186 - 80188,80286,80386,80486,pentium and pentium pro processor architecture programing and interfacing | ||
| 250 | _a4TH | ||
| 260 |
_aNEW DELHI _bPRENTICE HALL _c2000 |
||
| 300 | _a900P | ||
| 650 |
_aINTEL MICROPROCESSORS,8086 - 8088 INTEL MICROPROCESSORS,80186 - 80188,80286,80386,80486 INTEL MICROPROCESSORS-PENTIUM AND PENTIUM PRO PROCESSOR,PENTIUM AND PENTIUM PRO PROCESSOR _977815 |
||
| 942 |
_cBK _2ddc |
||
| 999 |
_c583026 _d583026 |
||